Figure Out the Lyrics Quiz Stats

 Plays Quiz Updated Nov 21, 2014

Score 0/129 Timer 07:00
69 Plays Today
% Correct
I
96.5%
I
96.5%
I
96.5%
A
95.4%
a
95.4%
a
95.4%
the
92%
the
92%
the
92%
the
92%
the
92%
the
92%
the
92%
the
92%
you
89.4%
You
89.4%
you
89.4%
You
89.4%
be
76.7%
to
72.9%
to
72.9%
And
70%
and
70%
and
70%
no
68%
No
68%
no
68%
no
68%
no
68%
No
68%
It
64.3%
can.
63.3%
in
63.2%
do.
62.7%
will
60.1%
will
60.1%
for
59.8%
for.
59.8%
for
59.8%
one.
58.5%
one.
58.5%
one.
58.5%
one.
58.5%
% Correct
if
55.6%
if
55.6%
not
54.6%
not
54.6%
only
52.4%
only
52.4%
only
52.4%
that
52.2%
that
52.2%
us.
51.7%
us
51.7%
us
51.7%
us
51.7%
I'm
51%
I'm
51%
I'm
51%
I'm
51%
all
50.3%
all
50.3%
all
50.3%
all
50.3%
as
48.6%
as
48.6%
but
48.4%
but
48.4%
of
46.8%
say
45.7%
say
45.7%
world
45.4%
world.
45.4%
world
45.4%
people
44.3%
people
44.3%
people
44.3%
live
41.3%
Imagine
41.1%
Imagine
41.1%
Imagine
41.1%
Imagine
41.1%
Imagine
41.1%
Imagine
41.1%
too.
41%
there's
40.2%
% Correct
there's
40.2%
It's
40.2%
try.
39.1%
may
38.1%
may
38.1%
living
37.9%
living
37.9%
or
37.7%
or
37.7%
life
37.2%
heaven.
37.1%
dreamer
36.8%
dreamer
36.8%
hell
36.8%
man.
34.5%
easy
33.8%
hope
33.6%
hope
33.6%
today.
33.4%
sky.
31.9%
peace.
31.6%
below
30.8%
die
30.7%
Above
30.3%
hard
30.3%
join
30.1%
join
30.1%
isn't
29.5%
you'll
29.2%
you'll
29.2%
someday
27.9%
someday
27.9%
religion
27.7%
Nothing
26.6%
kill
24%
need
23.7%
wonder
22.9%
countries.
21.6%
brotherhood
18.4%
hunger.
18.1%
possessions
17.5%
sharing
14.3%
greed
13.1%

You're not logged in!

Compare scores with friends on all Sporcle quizzes.
OR
Log In

You Might Also Like...

Show Comments

Extras

Top Quizzes Today


Score Distribution

Your Account Isn't Verified!

In order to create a playlist on Sporcle, you need to verify the email address you used during registration. Go to your Sporcle Settings to finish the process.

Report this User

Report this user for behavior that violates our Community Guidelines.

Details: